| 000 | 00585nam a22001937a 4500 | ||
|---|---|---|---|
| 005 | 20170620155331.0 | ||
| 010 | _aENG-118812 | ||
| 020 |
_a9789351437389 _c175.00 |
||
| 035 | _aEN-102344 | ||
| 037 | _bDBAD/PUB | ||
| 082 | _a320 | ||
| 100 | _aArora, Manish | ||
| 245 |
_aCareer in law / _cby Manish Arora |
||
| 250 | _aSeventh Edition | ||
| 260 |
_aGurgoan _bUniversal Law Publishing _c2016 |
||
| 270 |
_a14th Floor, Building No. 10, Tower-B, DLF Cyber city, Phase-II _bGurgoan _e122002 |
||
| 300 |
_axvi,228p.: _c21cm(pbk) _bill |
||
| 942 |
_2ddc _cEN _h320 _mARO |
||
| 999 |
_c141525 _d141525 |
||